000 00431nam a2200181Ia 4500
003 GCL
008 140319s9999 xx 000 0 eng d
040 _aGCL /
_cGCL
082 0 4 _a759
_bW R
100 1 _aWHITE, CHRISTOPHER
245 1 0 _aREMBRANDT /
_cWHITE, CHRISTOPHER
260 _a[S.N] :
_bTHAMES AND HUDSON ،
_c1989
300 _a216
650 0 4 _aREMBRANDT
650 0 4 _aARTS
650 0 4 _aPAINTERS
942 _2ddc
_cBK
999 _c17455
_d17455